书目信息 |
| 题名: |
中小学体育竞赛全书
|
|
| 作者: | 高谊 , 郝光安 主编 | |
| 分册: | ||
| 出版信息: | 北京 学苑出版社 2002 |
|
| 页数: | 566页 | |
| 开本: | 20cm | |
| 丛书名: | ||
| 单 册: | ||
| 中图分类: | G808.2 | |
| 科图分类: | ||
| 主题词: | 中小学--体育课 | |
| 电子资源: | ||
| ISBN: | 7-5077-0738-5 | |
| 000 | 00597nam0 2200205 45 | |
| 001 | 0311181022 | |
| 005 | 20031219104121.7 | |
| 010 | @a7-5077-0738-5@dCNY25.00 | |
| 100 | @a20031118d2002 km y0chiy0120 ea | |
| 101 | 0 | @achi |
| 105 | @a z 000yy | |
| 200 | 1 | @a中小学体育竞赛全书@AZhong Xiao Xue Ti Yu Jing Sai Quan Shu@f高谊,郝光安主编@FGao Yi,Hao Guang An Zhu Bian |
| 210 | @a北京@c学苑出版社@d2002 | |
| 215 | @a566页@d20cm | |
| 606 | 0 | @a中小学@x体育课 |
| 690 | @aG808.2@v4 | |
| 701 | 0 | @a高谊@4主编 |
| 701 | 0 | @a郝光安@4主编 |
| 801 | @aCN@bTSTC@c20031118 | |
| 905 | @b328487@dG808.2@e123@f1 | |
| 中小学体育竞赛全书/高谊,郝光安主编.-北京:学苑出版社,2002 |
| 566页;20cm |
| ISBN 7-5077-0738-5:CNY25.00 |
| ● |
| 相关链接 |
|
|
|
|
正题名:中小学体育竞赛全书
索取号:G808.2/123
 
预约/预借
| 序号 | 登录号 | 条形码 | 馆藏地/架位号 | 状态 | 备注 |
| 1 | 0328487 | 203284873 | 第一样本阅览室/ [索取号:G808.2/123] | 在馆 |